000
00330nam a22001457a 4500
008
230502b ||||| |||| 00| 0 eng d
020
_a
9781285738499
041
_a
eng
080
_2
TENTH EDITION
_a
572
082
_a
572FER
100
_a
44
101
_a
ANTRO
245
_a
CULTURAL ANTHROPOLOGY
_c
FERRARD.G
942
_2
udc
_c
BK
999
_c
59641
_d
59641